000 00850nam a22002057a 4500
005 20240530110532.0
008 160321s2007 ua a g 000 0 ara d
017 _a2007/23267
_bمصر . دار الكتب المصرية
040 _aEG-CaGPL
082 0 4 _221
_a953.072\
_bأ م
100 0 _aاحمد عامر .
245 1 0 _aموسوعة الامازيغ /
_cاحمد عامر .
_nالجزء الاول :
_pمصر ام الامازيغ .
_nالجزء الثانى :
_pعصور تاريخ المغرب الاسلامى .
260 _aالقاهرة :
_bهلا للنشر و التوزيع ،
_c2007 .
300 _a2 ج ؛
_c30 سم .
650 0 4 _aالامازيغ .
650 0 4 _aمصر
_xتاريخ .
651 0 4 _aالمغرب
_xتاريخ
_yالعصر الاسلامى .
942 _2ddc
_cBK
999 _c62110
_d62110